Hauptstädte nach Flaggen - Statistiken

Allgemein
  • Dieses Quiz wurde 246 mal gespielt
  • Das Durchschnittsergebnis liegt bei 14 aus 20
Antwortstatistiken
Bildquiz Antwort % Korrekt
Abu Dhabi
100%
Algier
100%
Amsterdam
100%
Ankara
100%
Athen
100%
Beirut
100%
Berlin
100%
Buenos Aires
100%
Bukarest
100%
Canberra
100%
Dakar
100%
Jerusalem
100%
Khartum
100%
Kiew
100%
Lima
100%
Lissabon
100%
Ljubljana
100%
London
100%
Madrid
100%
Maputo
100%
Minsk
100%
Monaco
100%
Monrovia
100%
Moskau
100%
Nairobi
100%
Neu-Delhi
100%
Oslo
100%
Ottawa
100%
Paris
100%
Peking
100%
Prag
100%
Santiago
100%
Seoul
100%
Tallinn
100%
Taschkent
100%
Teheran
100%
Tokio
100%
Vatikanstadt
100%
Washington D.C.
100%
Wien
100%
Bern
93%
Belgrad
92%
Stockholm
92%
Kabul
91%
Mexiko-Stadt
91%
Bratislava
90%
Helsinki
90%
Kairo
90%
Tiflis
90%
Accra
89%
Baku
89%
Bogotá
89%
Singapur
89%
Tunis
89%
Islamabad
88%
Kopenhagen
88%
Malé
88%
Mogadischu
88%
Addis Abeba
86%
Brasília
86%
Budapest
86%
Dschibuti
86%
Quito
86%
Vaduz
86%
Caracas
85%
Duschanbe
83%
Naypyidaw
83%
Nikosia
83%
Phnom Penh
83%
Reykjavík
83%
Riga
83%
San Marino
83%
Sofia
83%
Taipeh
83%
Warschau
83%
Gaborone
82%
Havanna
82%
Podgorica
82%
Astana
80%
Bagdad
80%
Bangkok
80%
Freetown
80%
Kuala Lumpur
80%
Luanda
80%
Port Louis
80%
Georgetown
78%
Hanoi
78%
Honiara
78%
Panama-Stadt
78%
Pjöngjang
78%
Port-of-Spain
78%
San José
78%
Amman
75%
Dili
75%
Kampala
75%
Kuwait-Stadt
75%
Manila
75%
Pretoria, Kapstadt oder Bloemfontein
75%
Rabat
75%
Riad
75%
Rom
75%
Sarajevo
75%
Skopje
75%
Sri Jayawardenepura Kotte
75%
Tirana
75%
Vilnius
75%
Zagreb
75%
Saint George's
73%
San Salvador
73%
Kingstown
71%
Paramaribo
71%
Ulaanbaatar
71%
Valletta
71%
Victoria
71%
Vientiane
71%
Windhoek
71%
Jerewan
70%
Asunción
69%
Andorra la Vella
67%
Apia
67%
Brüssel
67%
Damaskus
67%
Dhaka
67%
Doha
67%
Harare
67%
La Paz oder Sucre
67%
Lomé
67%
Luxemburg
67%
Maskat
67%
Montevideo
67%
São Tomé
67%
Tripolis
67%
Yamoussoukro
67%
Chișinău
64%
Kingston
64%
Ouagadougou
64%
Port Moresby
64%
Port Vila
64%
Jaunde
63%
Kigali
63%
Managua
63%
Priština
63%
Belmopan
60%
Bischkek
60%
Gitega
60%
Guatemala- Stadt
60%
Maseru
60%
Nassau
60%
Port-au-Prince
60%
Jakarta
57%
South Tarawa
57%
Antananarivo
56%
Kathmandu
56%
Kinshasa
56%
Lilongwe
56%
Sanaa
56%
Saint John's
55%
Bandar Seri Begawan
54%
Asmara
50%
Bamako
50%
Bissau
50%
Bridgetown
50%
Castries
50%
Dodoma
50%
Dublin
50%
Libreville
50%
Praia
50%
Santo Domingo
50%
Suva
50%
Lusaka
44%
Brazzaville
43%
Thimphu
42%
Abuja
40%
Bangui
40%
Basseterre
40%
Palikir
40%
Porto-Novo oder Cotonou
40%
Tegucigalpa
40%
Ngerulmud
38%
Manama
36%
Mbabane
33%
Moroni
33%
Nouakchott
33%
Roseau
33%
Malabo
30%
Conakry
29%
Yaren
29%
Funafuti
27%
Abuja
25%
N'Djamena
25%
Aşgabat
22%
Juba
22%
Banjul
20%
Majuro
20%
Nukuʻalofa
17%
Keine übereinstimmenden Quizze gefunden
Verteilung der Resultate
Anzahl Personen mit jedem Resultat
Perzentil nach korrekt beantworteten Fragen
Ihre Resultats-Entwicklung
Sie haben dieses Quiz noch nicht gespielt